000
00293nam a22001217a 4500
020
_a
9781847095623
082
_2
22
_a
005
100
_a
Buchnes, Alex.
245
_a
Moodle administration /
260
_a
Uk,
_b
Packt Publishing,
_c
c2008.
300
_a
ix, 357p. ;
_b
ill. ;
_c
23 cm.
942
_2
ddc
_c
IT
999
_c
1914
_d
1914